<?xml version="1.0" encoding="UTF-8"?>
<collection xmlns="http://www.loc.gov/MARC21/slim">
 <record>
  <leader>06705nam a2200361 a 4500</leader>
  <controlfield tag="001">kal3684</controlfield>
  <controlfield tag="003">Gr-AtHEAL</controlfield>
  <controlfield tag="005">20160421151501.0</controlfield>
  <controlfield tag="006">m        d        </controlfield>
  <controlfield tag="008">160413s2015    gr      s           gre|c</controlfield>
  <datafield tag="020" ind1=" " ind2=" ">
   <subfield code="a">9789606033070</subfield>
  </datafield>
  <datafield tag="040" ind1=" " ind2=" ">
   <subfield code="a">GR-AtHEAL</subfield>
   <subfield code="b">gre</subfield>
   <subfield code="c">GR-AtHEAL</subfield>
  </datafield>
  <datafield tag="082" ind1="0" ind2="4">
   <subfield code="a">334</subfield>
   <subfield code="2">23</subfield>
  </datafield>
  <datafield tag="100" ind1="1" ind2=" ">
   <subfield code="a">Κοντογεώργος, Αχιλλέας.</subfield>
   <subfield code="8">674</subfield>
  </datafield>
  <datafield tag="245" ind1="1" ind2="0">
   <subfield code="a">Αρχές διοίκησης αγροτικών συνεταιρισμών</subfield>
   <subfield code="h">[Ηλεκτρονικός πόρος] </subfield>
   <subfield code="b">Προκλήσεις και προοπτικές</subfield>
   <subfield code="c">Κοντογεώργος, Αχιλλέας ;  Σεργάκη, Παναγιώτα ; Κριτικός αναγνώστης,Σέμος, Αναστάσιος ; Γλωσσική επιμέλεια,Μπίσμπα, Άννα.</subfield>
  </datafield>
  <datafield tag="260" ind1=" " ind2=" ">
   <subfield code="a">Αθήνα :</subfield>
   <subfield code="b">Σύνδεσμος Ελληνικών Ακαδημαϊκών Βιβλιοθηκών,</subfield>
   <subfield code="c">c2015.</subfield>
  </datafield>
  <datafield tag="490" ind1=" " ind2=" ">
   <subfield code="a">Ακαδημαϊκά Ηλεκτρονικά Συγγράμματα και Βοηθήματα Κάλλιπος</subfield>
   <subfield code="8">40</subfield>
  </datafield>
  <datafield tag="505" ind1=" " ind2=" ">
   <subfield code="a">1. Αρχές διοίκησης αγροτικών συνεταιρισμών: Εισαγωγή, Βασικές Έννοιες &amp; Ορισμοί 2. Ιστορική Εξέλιξη των Συνεταιρισμών 3. Αρχές και Αξίες των Συνεταιρισμών 4. Οικονομική Θεωρία των Συνεταιρισμών 5. Οργάνωση και Διοίκηση Αγροτικών Συνεταιρισμών 6. Σύγκριση Αγροτικών Συνεταιρισμών με Ιδιωτικές επιχειρήσεις 7. Οργανωσιακη Συμπεριφορά των Μελών ενός Αγροτικού Συνεταιρισμού 8. Χρηματοοικονομική Διαχείριση Αγροτικών Συνεταιρισμών 9. Εναλλακτικές μορφές οργάνωσης των Αγροτικών Συνεταιρισμών 10. Η Λειτουργικότητα και ο ρυθμιστικός ρόλος των Αγροτικών Συνεταιρισμών 11. Πολιτικές Στήριξης των Αγροτικών Συνεταιρισμών – Συνεταιριστική νομοθεσία 12. Στρατηγικός Σχεδιασμός Αγροτικών Συνεταιρισμών. 13. Οδηγός δημιουργίας Αγροτικών Συνεταιρισμών</subfield>
  </datafield>
  <datafield tag="520" ind1=" " ind2=" ">
   <subfield code="a">Το παρόν βιβλίο φιλοδοξεί να αποτελέσει ένα βασικό εγχειρίδιο για την ανάπτυξη των Αγροτικών Συνεταιρισμών στην Ελλάδα.Σε αυτή την κατεύθυνση εξετάζονται οι πλέον βασικές λειτουργίες της Διοίκησης των συνεταιρισμών και αναλύονται τα εξής θέματα: Βασικές έννοιες για τη Διοίκηση των επιχειρήσεων καθώς και μια εισαγωγική προσέγγιση στις αγροτικές συνεταιριστικές επιχειρήσεις και τις ιδιαιτερότητες που αυτές παρουσιάζουν. Η εφαρμογή των συνεταιριστικών αρχών, και η προοπτική δημιουργίας μια νέας στρατηγικής ανάπτυξης που να βασίζεται σε αυτές.  Οι Παραδοσιακοί Αγροτικοί Συνεταιρισμοί και εναλλακτικές οι μορφές συνεταιριστικής οργάνωσης. Ομάδες Παραγωγών.Θεωρία της επιχείρησης και αγροτικοί συνεταιρισμοί.   Παρουσίαση των Συνεταιρισμών Νέας γενιάς και της δυνατότητας ανάπτυξης τους στον Ελληνικό χώρο. Η λειτουργικότητα και ο ρόλος των αγροτικών συνεταιρισμών στην αγορά. Συγκριτική ανάλυση διάρθρωσης και νομοθεσίας των αγροτικών συνεταιρισμών διεθνώς. Εφαρμογή μικροοικονομικής θεωρίας στους αγροτικούς συνεταιρισμούς. Επικεντρώνοντας στις Οικονομίες κλίμακας, την εσωτερική οργάνωση και αποτελεσματικότητα συνεταιριστικών οργανώσεων.Στρατηγικές ανάπτυξης αγροτικών συνεταιρισμών και βιομηχανιών τροφίμων. Το επιχειρηματικό σχέδιο ενός συνεταιρισμού. Πολιτική συγχωνεύσεων στους αγροτικούς συνεταιρισμούς. Χρηματοδότηση και χρηματοοικονομικά προβλήματα στους συνεταιρισμούς. Αγροτικοί συνεταιρισμοί και συστήματα διασφάλισης ποιότητας. Η Οικονομική διαχείριση αγροτικών συνεταιρισμών.Τέλος παρουσιάζεται ένας πρακτικός οδηγός για το πώς θα μπορούσε να ξεκινήσει η δημιουργία και η ανάπτυξη ενός Αγροτικού συνεταιρισμού</subfield>
  </datafield>
  <datafield tag="650" ind1=" " ind2="0">
   <subfield code="a">Agriculture, Cooperative</subfield>
   <subfield code="x">Management.</subfield>
   <subfield code="8">2120</subfield>
  </datafield>
  <datafield tag="653" ind1=" " ind2=" ">
   <subfield code="a">Οικονομικά των θεσμών</subfield>
  </datafield>
  <datafield tag="653" ind1=" " ind2=" ">
   <subfield code="a">Συνεταιρισμοί</subfield>
  </datafield>
  <datafield tag="653" ind1=" " ind2=" ">
   <subfield code="a">Στρατηγική</subfield>
  </datafield>
  <datafield tag="653" ind1=" " ind2=" ">
   <subfield code="a">Οργάνωση</subfield>
  </datafield>
  <datafield tag="653" ind1=" " ind2=" ">
   <subfield code="a">Διοίκηση</subfield>
  </datafield>
  <datafield tag="653" ind1=" " ind2=" ">
   <subfield code="a">Οικονομικές επιστήμες</subfield>
   <subfield code="a">Αγροτική οικονομική και οικονομική φυσικών πόρων, περιβαλλοντική και οικολογική οικονομική</subfield>
   <subfield code="a">Γεωργία</subfield>
   <subfield code="a">Γεωργικές αγορές και εμπόριο, συνεταιρισμοί, μεταποίηση αγροτικών προϊόντων</subfield>
  </datafield>
  <datafield tag="700" ind1="1" ind2=" ">
   <subfield code="a">Σεργάκη, Παναγιώτα</subfield>
   <subfield code="e">Συγγραφέας</subfield>
   <subfield code="8">683</subfield>
  </datafield>
  <datafield tag="700" ind1="1" ind2=" ">
   <subfield code="a">Σέμος, Αναστάσιος</subfield>
   <subfield code="e">Κριτικός αναγνώστης</subfield>
   <subfield code="8">684</subfield>
  </datafield>
  <datafield tag="856" ind1="4" ind2="0">
   <subfield code="u">http://hdl.handle.net/11419/3684</subfield>
   <subfield code="z">Πλήρες Κείμενο - Full text</subfield>
  </datafield>
  <datafield tag="907" ind1=" " ind2=" ">
   <subfield code="a">.b25681126</subfield>
   <subfield code="b">12-06-18</subfield>
   <subfield code="c">29-07-16</subfield>
  </datafield>
  <datafield tag="949" ind1=" " ind2=" ">
   <subfield code="0">0</subfield>
   <subfield code="1">0</subfield>
   <subfield code="2">ddc</subfield>
   <subfield code="4">0</subfield>
   <subfield code="6">334_000000000000000_ΚΟΝ</subfield>
   <subfield code="7">0</subfield>
   <subfield code="8">KALL</subfield>
   <subfield code="8">871</subfield>
   <subfield code="d">2016-04-13</subfield>
   <subfield code="r">2016-04-13</subfield>
   <subfield code="w">2016-04-13</subfield>
   <subfield code="z">334 ΚΟΝ</subfield>
   <subfield code="o">SEAB KALLIPOS</subfield>
  </datafield>
  <datafield tag="998" ind1=" " ind2=" ">
   <subfield code="a">80</subfield>
   <subfield code="a">01</subfield>
   <subfield code="a">02</subfield>
   <subfield code="a">03</subfield>
   <subfield code="a">04</subfield>
   <subfield code="a">05</subfield>
   <subfield code="a">06</subfield>
   <subfield code="a">07</subfield>
   <subfield code="a">08</subfield>
   <subfield code="a">09</subfield>
   <subfield code="a">10</subfield>
   <subfield code="a">12</subfield>
   <subfield code="a">11</subfield>
   <subfield code="a">13</subfield>
   <subfield code="a">14</subfield>
   <subfield code="a">15</subfield>
   <subfield code="a">16</subfield>
   <subfield code="a">17</subfield>
   <subfield code="a">18</subfield>
   <subfield code="a">19</subfield>
   <subfield code="a">20</subfield>
   <subfield code="a">21</subfield>
   <subfield code="a">22</subfield>
   <subfield code="a">23</subfield>
   <subfield code="a">24</subfield>
   <subfield code="a">25</subfield>
   <subfield code="a">26</subfield>
   <subfield code="b">25-05-17</subfield>
   <subfield code="c">m</subfield>
   <subfield code="d">z  </subfield>
   <subfield code="e">-</subfield>
   <subfield code="f">gre</subfield>
   <subfield code="g">gr </subfield>
   <subfield code="h">0</subfield>
  </datafield>
  <datafield tag="942" ind1=" " ind2=" ">
   <subfield code="2">ddc</subfield>
   <subfield code="c">KALLIPOS</subfield>
  </datafield>
 </record>
</collection>
